काशी के घाट , (Record no. 210852)

MARC details
000 -LEADER
fixed length control field 00958nam a22002057a 4500
005 - DATE AND TIME OF LATEST TRANSACTION
control field 20250407122654.0
010 ## - LCCN (DPL NO)
LC control number HIN-129642
020 ## - INTERNATIONAL STANDARD BOOK NUMBER
International Standard Book Number 9789387643635
Terms of availability 550.00
035 ## - SYSTEM CONTROL NUMBER
System control number HN-101988
037 ## - SOURCE OF ACQUISITION
Source of stock number/acquisition DBAD
082 ## - DEWEY DECIMAL CLASSIFICATION NUMBER
Classification number 954.13
100 ## - MAIN ENTRY--PERSONAL NAME
Personal name हरिशंकर
245 ## - TITLE STATEMENT
Title काशी के घाट ,
Statement of responsibility, etc हरिशंकर.
Remainder of title कलात्मक एवं सांस्कृतिक अध्ययन/
250 ## - EDITION STATEMENT
Edition statement द्वितीय
260 ## - PUBLICATION, DISTRIBUTION, ETC. (IMPRINT)
Place of publication, distribution, etc वाराणसी
Name of publisher, distributor, etc विश्वविद्यालय प्रकाशन
Date of publication, distribution, etc 2024
270 ## - ADDRESS
Address विशालाक्षी भवन, चौक
City वाराणसी [उ. प्र., भारत ]
Postal code 221001
Telephone number 9198701115
Electronic mail address sales@vvpbooks.com
-- vvpbooks@gmail.com
Fax number 0542 2413741
-- 2413082
300 ## - PHYSICAL DESCRIPTION
Extent xiii,272पृ.
Dimensions 23से.मी (सजिल्द )
700 ## - ADDED ENTRY--PERSONAL NAME
9 (RLIN) 80360
942 ## - ADDED ENTRY ELEMENTS (KOHA)
Source of classification or shelving scheme Dewey Decimal Classification
Item type Hindi Books
Classification part 954.13
Call number suffix हरीश
Edition द्वितीय
Holdings
Withdrawn status Lost status Not for loan Collection code Home library Current library Date acquired Source of acquisition Cost, normal purchase price Full call number Barcode Copy number Cost, replacement price Koha item type
      Non-fiction Ashok Vihar Ashok Vihar 07/04/2025 DBAD 550.00 954.13 हरीश HN-101988 1 550.00 Hindi Books

© Delhi Public Library
Hit Counter
free hit counter